01135nam a2200205Ia 4500008004100000082002000041100001600061245004100077250000800118260004900126300001000175650001700185942001200202952014000214952014000354952014000494952014000634952014000774999001500914150201s2006    xx            000 0 und d  a615.321bP2006G  aGROVER J.K.  aTEXT BOOK OF PHARMACOLOGY FOR NURSES  a2ND  bC.B.S PUBLISHERS & DISTRIBUTERSaDELHIc2006  a1-516  aPHARMACOLOGY  2ddccBK  00102ddc4070aFDbFDd2008-06-10eU.B.S.DELHIg170.00h1iSGTUl0o615.321 P2006GpFD5351r2015-02-09 00:00:00w2013-02-04yBKk1023  00102ddc4070aFDbFDd2008-06-10eU.B.S.DELHIg170.00h1iSGTUl0o615.321 P2006GpFD5352r2015-02-09 00:00:00w2013-02-04yBKk1023  00102ddc4070aFDbFDd2008-06-10eU.B.S.DELHIg170.00h1iSGTUl0o615.321 P2006GpFD5353r2015-02-09 00:00:00w2013-02-04yBKk1023  00102ddc4070aFDbFDd2008-06-10eU.B.S.DELHIg170.00h1iSGTUl0o615.321 P2006GpFD5354r2015-02-09 00:00:00w2013-02-04yBKk1023  00102ddc4070aFDbFDd2008-06-10eU.B.S.DELHIg170.00h1iSGTUl0o615.321 P2006GpFD5355r2015-02-09 00:00:00w2013-02-04yBKk1023  c4065d4065